Na co dbát při realizaci podnikových IS
Aplikácia počítačových informačných systémov (PIS) v českých priemyslových podnikoch. Problémy, ktoré vznikajú pri zavádzaní PIS. Praktické rady a doporučenia pri rozhodovaní, voľbe a inštalácii PIS.
Gespeichert in:
| 1. Verfasser: | |
|---|---|
| Format: | Buchkapitel |
| Sprache: | Tschechisch |
| Schlagworte: | |
| Tags: |
Keine Tags, Fügen Sie das erste Tag hinzu!
|
MARC
| LEADER | 00000naa a2200000 4500 | ||
|---|---|---|---|
| 001 | r022360 | ||
| 005 | 20230922083714.8 | ||
| 041 | 0 | |a cze | |
| 044 | |a CZ | ||
| 245 | 1 | 0 | |a Na co dbát při realizaci podnikových IS |c Josef Komárek |
| 520 | |a Aplikácia počítačových informačných systémov (PIS) v českých priemyslových podnikoch. Problémy, ktoré vznikajú pri zavádzaní PIS. Praktické rady a doporučenia pri rozhodovaní, voľbe a inštalácii PIS. | ||
| 610 | 2 | 0 | |a systémy počítačové |
| 610 | 2 | 0 | |a systémy informačné podnikové |
| 610 | 2 | 0 | |a podnik priemyselný |
| 610 | 2 | 0 | |a Česko |
| 610 | 2 | 0 | |a technika výpočtová |
| 610 | 2 | 0 | |a softvér |
| 100 | 1 | |a Komárek, Josef | |